Sermón de nuestra señora de Guadalupe México, predicado en su santuario el año de 1777 día 14 de diciembre en la solemne fiesta...

Detalles Bibliográficos
Autor principal: FERNANDEZ De URIBE, José Patricio
Formato: Libro
Publicado: México 1801
Materias:
Colección:Banco de datos
Acervo:Biblioteca del Ex Convento de Nuestra Señora de Guadalupe. Zacatecas
Tema general:Homilética
Notas:Buena. XI,6,2(3635). La guarda anterior y canto superior del libro muestran ex libris manuscrito del P. Cabrera. Sin marca de fuego
LEADER 00886nam a22001930004500
035 |a 42640 
036 |a 3824 
100 1 |a FERNANDEZ De URIBE, José Patricio 
245 1 0 |a Sermón de nuestra señora de Guadalupe México, predicado en su santuario el año de 1777 día 14 de diciembre en la solemne fiesta... 
260 |a México  |b Mariano de Zúñiga y Ontiveros  |c 1801 
500 |a Buena. XI,6,2(3635). La guarda anterior y canto superior del libro muestran ex libris manuscrito del P. Cabrera. Sin marca de fuego 
650 1 0 |a Homilética 
949 |a CRZ-CG 
959 |a Ex convento de Nuestra Señora de Guadalupe, Museo Regional de Zacatecas, Zacatecas  |b CCC4 
960 |a Convento de Nuestra Señora de Guadalupe, Zacatecas  |b DD87 
961 |a Franciscana  |b OF 
942 |c CRZ-CG 
943 |g Biblioteca del Ex Convento de Nuestra Señora de Guadalupe. Zacatecas 
999 |c 966767  |d 966767